000 01884nam1a22002651i 4500
001 rc\722093
005 20260406214900.0
035 _a(NLR Aleph) 005965377
090 _a6888991
_c6888991
100 _a20031121d1996 u |0rusy50 ca
101 0 _arus
102 _aRU
105 _ay |||||||||
200 1 _aТезисы докладов Пятого российско-японского симпозиума "Взаимодействие быстрых заряженных частиц с твердыми телами"
_d"On the interaction of fast charged particles with solids", (Белгород, 30 сент. - 5 окт.)
210 _aБелгород
_cИзд-во Белгород. гос. ун-та
_d1996
215 _d20
300 _aВ вып. дан. загл.: Радиационная повреждаемость и работоспособность конструкционных материалов
300 _aВ надзаг.: М-во общ. и проф. образования Рос. Федерации, МГУ им. М.В. Ломоносова, НИИ ядер. физики им. Д.В. Скобельцина, С.-Петерб. гос. техн. ун-т, Нац. науч. центр ХФТИ, Белгор. гос. ун-т
510 0 _a"On the interaction of fast charged particles with solids", (Белгород, 30 сент. - 5 окт.)
710 1 2 _a"Взаимодействие быстрых заряженных частиц с твердыми телами", российско-японский симпозиум
_d5
_f1996
_eБелгород
_3RU\NLR\AUTH\889972812
_9442073
712 1 2 _8eng
_a"On the interaction of fast charged particles with solids", Russian-Japan symposium
_d5
_f1996
_eBelgorod
_7ba
_3RU\NLR\AUTH\889972811
_9442071
801 0 _aRU
_bNLR
_gpsbo
801 1 _aRU
_bELAR
_2rusmarc
852 _aNLR
_j97-4/15383
942 _cBOOK